Candidats emblématiques de Secret Story par images - Statistiques

Statistiques générales
  • Ce quiz a été pris 66 fois
  • Le résultat moyen est 13 sur 15
Statistiques - réponses
Par images Hint Réponse % Correct
Secret Story 4 Benoît Dubois
98%
Secret Story 7 Anaïs Camizuli
97%
Secret Story 4 Amélie Neten
95%
Secret Story 5 Ayem Nour
93%
Secret Story 3 Émilie Nef Naf
90%
Secret Story 10 Darko Bozovic
88%
Secret Story 5 Marie Garet
88%
Secret Story 6 Thomas Vergara
88%
Secret Story 9 Mélanie Da Cruz
87%
Secret Story 9 Rémi Notta
87%
Secret Story 13 Romy
83%
Secret Story 8 Nathalie Andreani
82%
Secret Story 9 Émilie Fiorelli
73%
Secret Story 10 Thomas Beatie
73%
Secret Story 7 Florine Adams
43%
Aucun quiz correspondant
Distribution des résultats
% des personnes avec chaque résultat
Percentile par nombre de réponses
Votre historique - résultats
Vous n’avez pas pris ce quiz